Statistics for Movie Musical Main Characters

Click here to take the quiz!

General Stats

  • This quiz has been taken 43 times
  • The average score is 18 of 50

Answer Stats

HintAnswer% Correct
The Phantom & ChristineThe Phantom of the Opera
89%
Danny Zucko & Sandy OlsenGrease
86%
Maria & TonyWest Side Story
84%
Eliza Doolittle & Professor Henry HigginsMy Fair Lady
76%
Maria & Captain Von TrappThe Sound of Music
76%
Dorthy Gail & TotoThe Wizard of Oz
76%
Jean Valjean & JavertLes Misérables
70%
Velma Kelly & Roxie HartChicago
68%
King Arthur & GuenevereCamelot
62%
Galinda & ElphabaWicked
62%
Annie Oakley & Frank ButlerAnnie Get Your Gun
59%
Tracy Turnblad & Link LarkinHairspray
59%
Curly & LaureyOklahoma
59%
Anna Leonowens & King Mongkut of SiamThe King and I
59%
Sally Bowles & Maximilian von HeuneCabaret
54%
Sky Masterson & Nathan DetroitGuys and Dolls
54%
Fannie Brice & Nick ArnsteinFunny Girl
51%
Mimi Marquez & Maureen JohnsonRent
49%
Don Lockwood & Cosmo BrownSingin' in the Rain
49%
Donna & SophieMamma Mia!
46%
Janet Weiss & Brad MajorsThe Rocky Horror Picture Show
46%
Tevye & GoldeFiddler on the Roof
43%
Satine & ChristianMoulin Rouge!
43%
Seymour Krelborn & AudreyLittle Shop of Horrors
38%
Emile De Becque & Ensign Nellie Forbush, USNSouth Pacific
35%
Wild Bill Hickok & JaneCalamity Jane
32%
Billy Bigelow & Julie JordanCarousel
27%
Adam Pontipee & MillySeven Brides for Seven Brothers
27%
Dorthy Shaw & Lorelei LeeGentlemen Prefer Blondes
22%
Magnolia Hawks & Gaylord RavenalShow Boat
22%
Professor Harold Hill & Marian ParooThe Music Man
22%
Baker & JackInto the Woods
19%
Lilli Vanessi & Fred GrahamKiss Me Kate
19%
Loretta & Doolittle LynnCoal Miner's Daughter
16%
Tommy Albright & Fiona CampbellBrigadoon
14%
Bob Wallace & Phil DavisWhite Christmas
14%
Jerry Mulligan & Lise BouvierAn American in Paris
11%
Esther Hoffman & John Norman HowardA Star is Born
11%
Curtis Taylor Jr. & James 'Thunder' EarlyDreamgirls
11%
Esther & 'Tootie' SmithMeet Me in St. Louis
8%
Joe Hardy & LolaDamn Yankees!
3%
Hajj & MarsinahKismet
3%
Gabey & ChipOn the Town
3%
Margy & Wayne FrakeState Fair
3%
Clarence Doolittle & Joseph BradyAnchors Aweigh
0%
Kitty Wonder & Sam RawlinsBilly Rose's Jumbo
0%
Jim Hardy & Ted HanoverHoliday Inn
0%
Tony Hunter & Gabrielle GerardThe Band Wagon
0%
Hubert Hawkins & Sir RavenhurstThe Court Jester
0%
Tim Donahue & Vicky ParkerThere's No Business Like Show Business
0%

Score Distribution

Percentile by Number Answered

Percent of People with Each Score

Your Score History

You have not taken this quiz